[Event "ch-CHN"]
[Site "Xinghua CHN"]
[Date "2010.06.03"]
[Round "10"]
[White "Lu Shanglei"]
[Black "Ji Dan"]
[Result "1-0"]
[WhiteElo "2349"]
[BlackElo "2379"]
[EventDate "2010.05.24"]

1. d4 d5 2. c4 e6 3. Nc3 Be7 4. Nf3 Nf6 5. Bg5 h6 6. Bxf6 Bxf6 7. cxd5 exd5
8. e3 O-O 9. b4 c6 10. h3 Be7 11. a3 b5 12. Bd3 a5 13. Rb1 axb4 14. axb4
Bd6 15. O-O Qe7 16. Qd2 f5 17. Bc2 Nd7 18. Ne2 Nb6 19. Nf4 Nc4 20. Qc1 Qf6
21. Nd3 f4 22. exf4 Bxf4 23. Nxf4 Qxf4 24. Qxf4 Rxf4 25. Ra1 Ra3 26. Rxa3
Nxa3 27. Bg6 Bf5 28. Ra1 Bxg6 29. Rxa3 Bc2 30. g3 Re4 31. Re3 Kf7 32. Kf1
Ke6 33. Ke2 Rxe3+ 34. Kxe3 Bg6 35. Ne5 Be8 36. h4 Kd6 37. g4 g6 38. f4 Ke6
39. f5+ gxf5 40. g5 hxg5 41. hxg5 c5 42. bxc5 b4 43. Nd3 1-0

[Event "ch-CHN"]
[Site "Xinghua CHN"]
[Date "2010.06.03"]
[Round "10"]
[White "Zhou Jianchao"]
[Black "Li Shilong"]
[Result "1-0"]
[WhiteElo "2652"]
[BlackElo "2514"]
[EventDate "2010.05.24"]

1. d4 Nf6 2. c4 c6 3. Nc3 d5 4. e3 g6 5. Nf3 Bg7 6. Be2 O-O 7. O-O a6 8. h3
e6 9. b3 Nbd7 10. Qc2 Re8 11. Bb2 b6 12. b4 dxc4 13. Bxc4 Bb7 14. Be2 c5
15. dxc5 bxc5 16. b5 axb5 17. Nxb5 Be4 18. Qc1 Qb8 19. a4 Rc8 20. Bc3 Bf8
21. Nd2 Bc6 22. Nc4 Nd5 23. Bb2 Bxb5 24. axb5 Qxb5 25. e4 N5f6 26. Qf4 Rxa1
27. Bxa1 Qb8 28. Qf3 Be7 29. Rd1 Rc7 30. Qc3 Ra7 31. g4 Qb4 32. Qe3 Qb8 33.
g5 Ne8 34. Qc3 Rxa1 35. Qxa1 Nf8 36. Qc1 Qc7 37. h4 h6 38. Qe3 h5 39. e5
Qb8 40. Bf3 Qb4 41. Qe4 Ng7 42. Nd6 Qc3 43. Qb7 Nf5 44. Be4 Qxe5 45. Nc8
Nd6 46. Nxe7+ Kg7 47. Rxd6 Qxd6 48. Qb2+ e5 49. Nd5 Ne6 50. Qb6 Qd7 51. Qb8
Qa4 52. Qxe5+ Kf8 53. Qh8+ 1-0

[Event "ch-CHN"]
[Site "Xinghua CHN"]
[Date "2010.06.03"]
[Round "10"]
[White "Zhang Ziyang"]
[Black "Hou Yifan"]
[Result "1/2-1/2"]
[WhiteElo "2422"]
[BlackElo "2589"]
[EventDate "2010.05.24"]

1. d4 e6 2. Nf3 Nf6 3. c4 d5 4. Nc3 Bb4 5. Qb3 c5 6. cxd5 exd5 7. dxc5 Nc6
8. Bg5 Be6 9. O-O-O Qe7 10. Bxf6 gxf6 11. Nxd5 Qxc5+ 12. Qc2 Bxd5 13. Qxc5
Bxc5 14. Rxd5 Bxf2 15. e4 Rg8 16. Kb1 Rd8 17. Bb5 Rxg2 18. Bxc6+ bxc6 19.
Rxd8+ Kxd8 20. Rd1+ Kc7 21. Rd2 h5 22. Kc2 Kc8 23. Kd3 Kc7 24. h3 Kc8 25.
Kc4 Kc7 26. b4 Kb6 27. Rc2 Kc7 28. Kb3 Kd7 29. Ka4 Kd6 30. a3 Kd7 31. Kb3
Kd6 32. a4 a6 33. a5 Kd7 34. Ka3 Kd6 35. Ka4 Kd7 36. Nd4 Rh2 37. Nxc6 Bg3
38. Rxh2 Bxh2 39. b5 Bc7 40. Nd4 1/2-1/2

[Event "ch-CHN"]
[Site "Xinghua CHN"]
[Date "2010.06.04"]
[Round "11"]
[White "Ji Dan"]
[Black "Zhou Jianchao"]
[Result "0-1"]
[WhiteElo "2379"]
[BlackElo "2652"]
[EventDate "2010.05.24"]

1. e4 c5 2. Nf3 e6 3. d4 cxd4 4. Nxd4 Nf6 5. Nc3 d6 6. Be2 Be7 7. O-O O-O
8. Be3 a6 9. f4 Qc7 10. Bf3 Nc6 11. Kh1 Re8 12. a4 e5 13. Nb3 Rb8 14. a5
exf4 15. Bxf4 Be6 16. Bg5 Nd7 17. Bxe7 Rxe7 18. Be2 Ree8 19. Qd2 Rbc8 20.
Rfd1 Bxb3 21. cxb3 Nc5 22. Bc4 Nxa5 23. Qxd6 Qxd6 24. Rxd6 Ncxb3 25. Bxb3
Nxb3 26. Rad1 Nc5 27. h3 Nxe4 28. Nxe4 Rxe4 29. Rd8+ Re8 30. R8d7 b5 31.
R1d6 h6 32. Rxa6 Rc1+ 33. Kh2 Rc2 34. Ra3 Rxb2 35. Rb7 Ree2 36. Rg3 g6 37.
Rb6 Kg7 38. Rb7 Rf2 39. Rb6 h5 40. Rb8 Rf4 41. Rg5 b4 0-1

[Event "ch-CHN"]
[Site "Xinghua CHN"]
[Date "2010.06.04"]
[Round "11"]
[White "Hou Yifan"]
[Black "Lu Shanglei"]
[Result "0-1"]
[WhiteElo "2589"]
[BlackElo "2349"]
[EventDate "2010.05.24"]

1. e4 e6 2. d4 d5 3. Nc3 dxe4 4. Nxe4 Nd7 5. Nf3 Ngf6 6. Bg5 h6 7. Nxf6+
Nxf6 8. Be3 Nd5 9. Bd2 c5 10. Bb5+ Bd7 11. Qe2 a6 12. Bxd7+ Qxd7 13. c4 Nf6
14. d5 Bd6 15. O-O O-O 16. Bc3 exd5 17. Bxf6 gxf6 18. cxd5 Qf5 19. Rfe1
Rfe8 20. Qxe8+ Rxe8 21. Rxe8+ Kg7 22. Re2 Qxd5 23. Rd2 Qc6 24. Rad1 Bf4 25.
Rd5 c4 26. R5d4 Be5 27. Nxe5 fxe5 28. Rd7 b5 29. a3 Qe4 30. g3 a5 31. Rc7
Qc2 32. Rdd7 Qxb2 33. Rxf7+ Kg6 34. Rf3 Qb1+ 35. Kg2 Qe4 36. h4 b4 37. axb4
axb4 38. g4 b3 39. Kg3 Qxf3+ 40. Kxf3 b2 41. Rb7 c3 42. Kg2 c2 43. Rxb2
c1=Q 44. Rb3 Qf4 45. Rg3 Qf6 46. Rh3 Qd8 47. Kh2 Qd4 48. Kg2 Qe4+ 49. Kh2
Qxg4 50. Rg3 Kh5 51. Rxg4 Kxg4 52. Kg2 h5 53. f3+ Kxh4 0-1

[Event "ch-CHN"]
[Site "Xinghua CHN"]
[Date "2010.06.04"]
[Round "11"]
[White "Li Chao2"]
[Black "Zhang Ziyang"]
[Result "1-0"]
[WhiteElo "2619"]
[BlackElo "2422"]
[EventDate "2010.05.24"]

1. e4 e5 2. Nf3 Nc6 3. d4 exd4 4. Nxd4 Bb4+ 5. c3 Bc5 6. Be3 Bb6 7. Nf5
Bxe3 8. Nxe3 Nf6 9. f3 O-O 10. c4 Qe7 11. Nc3 Qc5 12. Qd2 d6 13. O-O-O a6
14. Kb1 Ne7 15. g4 b5 16. g5 Nh5 17. Ned5 Nxd5 18. Qxd5 Qa7 19. cxb5 axb5
20. Nxb5 Qb8 21. Nd4 Nf4 22. Qb3 Qxb3 23. axb3 Bd7 24. h4 g6 25. Ne2 Nxe2
26. Bxe2 f6 27. Rc1 Ra7 28. Rc3 Be6 29. b4 Rb7 30. b5 f5 31. Rhc1 fxe4 32.
fxe4 Rf7 33. Kc2 Kg7 34. Kd2 Re7 35. Bd3 Bf7 36. Ke3 Be8 37. Kd4 h6 38. Bc4
hxg5 39. Bd5 Ra7 40. hxg5 Bxb5 41. b4 Be8 42. Rh3 c5+ 43. bxc5 dxc5+ 44.
Rxc5 Bf7 45. Rc8 Re8 46. Rhc3 Ra4+ 47. R3c4 Rxc8 48. Rxa4 Rc2 49. Ra8 Re2
50. Kc5 Bxd5 51. exd5 Re5 52. Kc6 Re1 53. d6 Rc1+ 54. Kb7 1-0